Personnages Disney sans voyelles #2 - Statistiques

Statistiques générales
  • Ce quiz a été pris 119 fois
  • Le résultat moyen est 13 sur 20
Statistiques - réponses
Indices Réponses % Correct
CLCHRD Clochard
95%
DNLD Donald
95%
PTR PN Peter Pan
93%
SBSTN Sébastien
93%
SMPLT Simplet
93%
JFR Jafar
91%
RLPH Ralph
91%
BRNRD Bernard
89%
WNN Winnie
87%
VLT Volt
86%
BG BN Big Ben
79%
GTHL Gothel
57%
MLN Mulan
57%
JD HPPS Judy Hopps
52%
SHR KHN Shere Khan
49%
STRMBL Stromboli
36%
BRLZ Berlioz
35%
BMX Baymax
31%
RTGN Ratigan
22%
PRDT Perdita
14%
Aucun quiz correspondant
Distribution des résultats
% des personnes avec chaque résultat
Percentile par nombre de réponses
Votre historique - résultats
Vous n’avez pas pris ce quiz